000 00676nam a2200217Ia 4500
008 101110s9999 xx 000 0 und d
041 _aENGLISH
082 _bSR31403
100 _aRao Balkrishna M., Reddy Krishna K.
245 _aNanotechnology in electronicsNanotechnology : trends and prospects
260 _c2007
_bCampus books international,New Delhi
300 _a280
365 _b1800
520 _aPhysics
546 _aENGLISH
630 _aNanotechnology in electronicsNanotechnology : trends and prospects
650 _aPhysics
655 _aPhysics
730 _aNanotechnology in electronicsNanotechnology : trends and prospects
942 _cBOOK
999 _c823905
_d823902